000 00460nam a22001333 4500
005 20100726125122.0
008 080301s2008 xx 000 0 fre d
020 _a9789287163097
020 _a928716309x
035 _a(OCoLC)212854505
245 0 0 _aAbolition Des Chatiments Corporels Des Enfants
_bQuestions Et Reponses.
260 _bCouncil of Europe
_c2008.
999 _c357
_d357